000 00918nam a2200265Ia 4500
003 GCL
008 140319s9999 xx 000 0 ara d
020 _a1892059960
040 _aGCL /
_cGCL
082 0 4 _a632.9
_bع ت
100 1 _aعلى تاج الدين فتح الله تاج الدين
245 1 0 _aالتلوث و البيئة الزراعية /
_cعلى تاج الدين فتح الله تاج الدين
250 _aالاولى
260 _aالرياض :
_bمكتبة الملك فهد الوطنية ،
_c1998
300 _a218 ص ؛
_c24 سم
650 0 4 _aتلوث البيئة
650 0 4 _aتلوث المياه
650 0 4 _aتلوث الهواء
650 0 4 _aالافات الزراعية
650 0 4 _aالتلوث الاشعاعى
650 0 4 _aالبيئة الزراعية
650 0 4 _aالتربة - تلوث
650 0 4 _aمبيدات الحشرات
942 _2ddc
_cBK
999 _c7067
_d7067